A tale of two cities
Uloženo v:
| Hlavní autor: | |
|---|---|
| Médium: | Kniha |
| Jazyk: | angličtina |
| Vydáno: |
Nueva York
The Pocket Library
1954
|
| Vydání: | 1a. ed |
| Témata: | |
| Tagy: |
Přidat tag
Žádné tagy, Buďte první, kdo vytvoří štítek k tomuto záznamu!
|
MARC
| LEADER | 00000cam a2200000 a 4500 | ||
|---|---|---|---|
| 001 | UCC0332 | ||
| 003 | CL-VaPUC | ||
| 008 | 170804e19540000us |||||||||||||||||eng|d | ||
| 082 | 0 | 4 | |a 823 |b DIC |2 21 |
| 100 | 0 | |a Dickens, Charles |e author |9 319540 | |
| 245 | 1 | 2 | |a A tale of two cities |
| 250 | |a 1a. ed | ||
| 300 | |a 470 p | ||
| 942 | |c BK | ||
| 945 | |d 20170804 10:39:00 |a arojas | ||
| 260 | |a Nueva York |b The Pocket Library |c 1954 | ||
| 650 | 0 | |a Novelas inglesas |9 265220 | |
| 650 | 0 | |a Literatura inglesa |9 312907 | |
| 583 | |a last modification |c 20170804 10:39:00 |k Rodrigo Vera | ||
| 999 | |c 369188 |d 369186 | ||
| 952 | |0 0 |1 0 |3 erd |4 0 |6 823_000000000000000_DIC_1954 |7 0 |8 A |9 484779 |a BIBEDU |b BIBEDU |i 5412307 |o 823 DIC 1954 |p 5412307 |r 2019-11-24 |w 2019-11-24 |y BK |z Catalogado en:20170804 |k LIT | ||
| 952 | |0 0 |1 0 |3 erb |4 0 |6 823_000000000000000_DIC_1954 |7 0 |8 A |9 484780 |a BIBEDU |b BIBEDU |i 5412315 |o 823 DIC 1954 |p 5412315 |r 2019-11-24 |w 2019-11-24 |y BK |z Catalogado en:20170804 |k LIT | ||